000 00927nam a2200241 a 4500
005 20241009063715.0
008 181120s2017 mx r 000 0 spa d
020 _a9786079470999 (EL Colegio de Michoacán)
020 _a9786078500352 (El Colegio de San Luis )
035 _aUPN01000227929
049 _aCG
050 4 _aKGF2204
_bD4.7
245 0 0 _aDerechos indígenas en disputa :
_blegislaciones estatales y tensiones locales en México /
_ced. María del Carmen Ventura Patiño.
260 _aMéxico :
_bEl Colegio de Michoacán :
_bEl Colegio de San Luis,
_c2017.
300 _a511 p. :
_bcuadros
440 0 _aDebates
650 4 _aIndígenas de México
_xSituación legal, leyes, etc.
_98369
650 4 _aIndígenas de México
_xDerechos civiles
_98370
650 4 _aIndígenas de México
_xAsimilación cultural
_9600
700 1 _aVentura Patino, María del Carmen,
_eed.
905 _aLibro
999 _c200024
_d200024